000 00713nam a2200193Ia 4500
005 20250326140538.0
008 250326s9999 xx 000 0 und d
037 _aTextbook
040 _aFMSL
_beng
_cFMSL
041 _aeng
_2eng
084 _aX8(D5133):8.44 N9
_qFMSL
100 _aAutomotive Component Manufacturers Association OF India
245 0 _aAutomotive industry of India 1998-99 : Facts & Figures
_cAutomotive Component Manufacturers Association OF India
250 _a32
260 _aNew Delhi
_bNew Delhi, Vishnu Mathur for the Automotive Component Manufactures Association of India
_c1999
300 _a140p
942 _cTB
_hX8(D5133):8.44 N9
999 _c1286250
_d1286250